| 000 | 01069cam a2200289 4500 | ||
|---|---|---|---|
| 002 | ##1453 | ||
| 008 | 090401t1996 xxu||||| |||| 00| 0 eng d | ||
| 020 | _a0854067620 | ||
| 035 | _a(Sirsi) u65149 | ||
| 041 | 0 | _aeng | |
| 050 | 0 | 4 | _a333.335 $2 18 |
| 090 | _aRICS 1996/32ABCD | ||
| 110 | 2 |
_aRoyal Institution of Chartered Surveyors _94900 |
|
| 245 | 0 | 0 |
_aValuation under the Agricultural Holdings Act 1986 _bthe treatment of farmhouses |
| 260 |
_aLondon _bRICS _c1996 |
||
| 300 |
_a11p. _c30cm. |
||
| 350 | _a7.50 | ||
| 490 | 0 | _aRICS Information Paper | |
| 520 | _aDefines the problems surrounding the rental value of farmhouses and provides some explanation of the complexities involved. Case law. | ||
| 520 | _aSuperseded by "Rent reviews under the Agricultural Holdings Act 1986" (ISBN 1901434168). | ||
| 650 | 2 | 4 | _aAGRICULTURAL HOLDINGS ACT 1986 |
| 650 | 2 | 4 | _aCHILDERS V ANKER |
| 651 | 4 |
_aEngland and Wales _y1543- |
|
| 690 | _aPROPERTY-RURAL AND NATURAL ASSETS-RURAL AND NATURAL ASSET VALUATION AND APPRAISAL | ||
| 942 | _n0 | ||
| 948 | _c04/03/1997 | ||
| 999 |
_c94738 _d94738 |
||